Coneguem els nostres parlars / Joan Martí i Castell, Josep Moran, Montserrat Alegre, ... [et al]
Publicado:
Barcelona :
Generalitat de Catalunya. Comissió Interdepartamental de Recerca i Innovació Tecnològica. CIRIT ,
1984
Descripción Física:
281 p. : amb map. ; 21 cm
Otros Autores:
Martí i Castell, Joan
Materias:
Català -- Dialectes
MARC
| LEADER | 00000nam a2200000Ia 4500 | ||
|---|---|---|---|
| 001 | 1483 | ||
| 008 | 160829s1984 xx 000 0 cat d | ||
| 080 | |a L-1-102 | ||
| 245 | |a Coneguem els nostres parlars / Joan Martí i Castell, Josep Moran, Montserrat Alegre, ... [et al] | ||
| 260 | |a Barcelona : |b Generalitat de Catalunya. Comissió Interdepartamental de Recerca i Innovació Tecnològica. CIRIT, |c 1984 | ||
| 300 | |a 281 p. : |b amb map. ; |c 21 cm | ||
| 650 | |a Català |x Dialectes |9 35447 | ||
| 700 | |a Martí i Castell, Joan |9 35448 | ||
| 710 | 1 | |a Catalunya. |b Comissió Interdepartamental de Recerca i Innovació Tecnològica |9 54974 | |
| 901 | |a Arxiu | ||
| 942 | |n 1 | ||
| 952 | |0 0 |1 0 |4 0 |6 L1102 |7 1 |9 46905 |a Arxiu |b Arxiu |d 2016-12-01 |l 0 |o L-1-102 |p 1483 |r 2016-12-01 00:00:00 |w 2016-12-01 |y ARXIU | ||
| 999 | |c 50698 |d 50698 | ||